| 000 | 00581cam a2200205ua 4500 | ||
|---|---|---|---|
| 001 | 6815 | ||
| 005 | 20260515114117.0 | ||
| 008 | 140304n ii |||gr||||Z||||||asm | ||
| 040 | _cMAIN | ||
| 082 | _a657.45 | ||
| 245 |
_aHichap Parikshan Bijnan : _bVol. I / _cBy Purneswar Bordoloi . |
||
| 250 |
_a3rd. ed. / _bVol. I. |
||
| 260 |
_aGuwahati: _bUniversity publication department, _c1992. |
||
| 300 | _ax,256p. | ||
| 653 | _aAccounting | ||
| 653 | _aHichap Parikshan Bijnan : | ||
| 700 |
_aBordoloi,Purneswar, _eAuthor., |
||
| 700 |
_aBaruah,Hemkanta, _eAuthor. |
||
| 942 | _cBK | ||
| 999 |
_c5958 _d5958 |
||